Simplicial objects in algebraic topology /

Guardado en:
Autor Principal: May, J. Peter.
Formato: Libro
Idioma:English
Publicado: Princeton, N.J. : Van Nostrand, c1967.
Series:Van Nostrand mathematical studies ; no. 11
Materias:
Etiquetas: Agregar Etiqueta
Sin Etiquetas, Sea el primero en etiquetar este registro!
LEADER 00675nam a22002175a 4500
001 MAT.inmabb005217
008 700928s1967####nju######b####000#0#eng##
005 20130311134445.0
245 1 0 |a Simplicial objects in algebraic topology /  |c by J. Peter May. 
260 |a Princeton, N.J. :  |b Van Nostrand,  |c c1967. 
300 |a vi, 161 p. ;  |c 21 cm. 
440 0 |a Van Nostrand mathematical studies ;  |v no. 11 
504 |a Bibliografía: p. 157-161. 
510 4 |a MR,  |c 36 #5942 
100 1 |a May, J. Peter. 
650 0 |a Algebraic topology. 
650 0 |a Complexes. 
084 |a 55U10  |2 msc2000 
010 |a  68021149  
040 |a DLC  |c DLC  |d DLC 
859 |h 55  |i M466  |p A-2602  |b BIB. MATEMATICA